[Event "FRM-chT2"]
[Site "Skopje"]
[Date "2023.05.28"]
[Round "2"]
[White "Naskov, Aleks"]
[Black "Nedelkovski, Andrej"]
[Result "1-0"]
[WhiteElo "1431"]
[BlackElo "1131"]
[PlyCount "53"]
[EventDate "2023.05.27"]
[EventType "team-tourn"]
[EventRounds "6"]
[EventCountry "MKD"]
[SourceTitle "CBM 214 Extra"]
[Source "ChessBase"]
[SourceDate "2023.07.31"]
[SourceVersion "1"]
[SourceVersionDate "2023.07.31"]
[SourceQuality "1"]

1. Nf3 c5 2. e4 Nc6 3. d4 cxd4 4. Nxd4 g6 5. c4 Nf6 6. Nc3 Bg7 7. Be3 0-0 8. Be2 d6 9. 0-0 Bd7 10. Qd2 Nxd4 11. Bxd4 Bc6 12. Bf3 a5 13. Nd5 Bxd5 14. exd5 Nd7 15. Bxg7 Kxg7 16. Qd4+ f6 17. Rfe1 Ne5 18. Be2 Qc7 19. f4 Nd7 20. Bg4 Nc5 21. Re3 h5 22. Bh3 Kh7 23. Rae1 Rf7 24. g4 Rg8 25. gxh5 gxh5+ 26. Kh1 f5 27. Bxf5+ 1-0

[Event "Skopje op"]
[Site "Skopje"]
[Date "2022.10.24"]
[Round "5"]
[White "Gjorgjevski, Janco"]
[Black "Naskov, Aleks"]
[Result "0-1"]
[WhiteElo "1835"]
[BlackElo "1381"]
[PlyCount "96"]
[EventDate "2022.10.21"]
[EventType "swiss"]
[EventRounds "9"]
[EventCountry "MKD"]
[SourceTitle "EXT 2024"]
[Source "ChessBase"]
[SourceDate "2023.10.10"]
[SourceVersion "1"]
[SourceVersionDate "2023.10.10"]
[SourceQuality "1"]

1. c4 c6 2. Nc3 d5 3. d4 Nf6 4. Nf3 dxc4 5. a4 Bf5 6. Ne5 e6 7. e3 Bb4 8. Nxc4 a5 9. Be2 0-0 10. 0-0 Nbd7 11. Bf3 Qc7 12. e4 Bg6 13. Qe2 e5 14. d5 cxd5 15. Nxd5 Nxd5 16. exd5 e4 17. Bg4 f5 18. Bh3 Ne5 19. Nxe5 Qxe5 20. Rd1 Rfd8 21. Qb5 Bh5 22. Bg5 Bxd1 23. Bxd8 Bxa4 24. Bc7 Bxb5 25. Bxe5 Bd7 26. g3 Rc8 27. Bf1 Rc2 28. Bd4 a4 29. Rb1 b5 30. Be3 Kf7 31. h4 Ke7 32. Bd4 g6 33. Be3 Kd6 34. Rd1 Rxb2 35. Bh6 Ke7 36. Bg7 Rd2 37. Rb1 Bc5 38. Bxb5 Rxf2 39. Kh1 e3 40. d6+ Bxd6 41. Bxd7 Kxd7 42. Bd4 a3 43. Bxe3 a2 44. Rg1 Rb2 45. Bd4 Rb1 46. Kg2 Rxg1+ 47. Kxg1 Ke6 48. Kf2 Be5 0-1

[Event "FRM-chT 30th"]
[Site "Struga"]
[Date "2022.10.19"]
[Round "6.5"]
[White "Mitkovski, Zarko"]
[Black "Naskov, Aleks"]
[Result "1-0"]
[WhiteElo "2161"]
[BlackElo "1381"]
[PlyCount "69"]
[EventDate "2022.10.14"]
[EventType "team-tourn"]
[EventRounds "7"]
[EventCountry "MKD"]
[SourceTitle "CBM 210 Extra"]
[Source "ChessBase"]
[SourceDate "2022.11.30"]
[SourceVersion "1"]
[SourceVersionDate "2022.11.30"]
[SourceQuality "1"]
[WhiteTeam "Kumanovo GSHK"]
[BlackTeam "Bitola Patako"]
[WhiteTeamCountry "MKD"]
[BlackTeamCountry "MKD"]

1. d4 d5 2. Bg5 Nf6 3. Bxf6 exf6 4. e3 Bf5 5. Nd2 Bd6 6. g3 0-0 7. Bg2 c6 8. Ne2 Re8 9. 0-0 Na6 10. a3 Qd7 11. c4 dxc4 12. Nxc4 Bg4 13. Qc2 Bc7 14. Nc3 Be6 15. d5 cxd5 16. Rad1 Be5 17. Nxd5 Bxd5 18. Rxd5 Qc7 19. Rfd1 Rac8 20. b3 Nc5 21. Rc1 Ne6 22. f4 Bd6 23. Rxd6 b5 24. Rc6 Qxc6 25. Bxc6 Rxc6 26. Qe4 Rec8 27. f5 Ng5 28. Qg2 bxc4 29. Rxc4 Rxc4 30. bxc4 h6 31. h4 Nh7 32. Qd5 Nf8 33. c5 Rb8 34. c6 Rb1+ 35. Kg2 1-0

[Event "FRM-chT 30th"]
[Site "Struga"]
[Date "2022.10.18"]
[Round "5.5"]
[White "Naskov, Aleks"]
[Black "Trajanovski, Ratko"]
[Result "1/2-1/2"]
[WhiteElo "1381"]
[BlackElo "2157"]
[PlyCount "73"]
[EventDate "2022.10.14"]
[EventType "team-tourn"]
[EventRounds "7"]
[EventCountry "MKD"]
[SourceTitle "CBM 210 Extra"]
[Source "ChessBase"]
[SourceDate "2022.11.30"]
[SourceVersion "1"]
[SourceVersionDate "2022.11.30"]
[SourceQuality "1"]
[WhiteTeam "Bitola Patako"]
[BlackTeam "Shipkovica Anpasan"]
[WhiteTeamCountry "MKD"]
[BlackTeamCountry "MKD"]

1. Nf3 d5 2. d4 Nf6 3. c4 e6 4. g3 Nbd7 5. Bg2 b6 6. Qa4 Bb7 7. Ne5 c5 8. Bg5 Qc8 9. Bxf6 gxf6 10. Qxd7+ Qxd7 11. Nxd7 Kxd7 12. cxd5 Bxd5 13. Bxd5 exd5 14. Nc3 Kc6 15. dxc5 bxc5 16. 0-0-0 d4 17. Nb1 Bh6+ 18. Kc2 Rhe8 19. Rhe1 a5 20. Na3 a4 21. Nc4 Re6 22. f4 Rae8 23. Kd2 Kd5 24. b3 Ra6 25. Kd3 axb3 26. axb3 f5 27. e3 Bg7 28. exd4 Rxe1 29. Rxe1 Bxd4 30. Ne3+ Bxe3 31. Rxe3 Re6 32. Rxe6 fxe6 33. h3 h5 34. h4 e5 35. fxe5 Kxe5 36. Kc4 Kd6 37. Kc3 1/2-1/2

[Event "FRM-chT 30th"]
[Site "Struga"]
[Date "2022.10.14"]
[Round "1.5"]
[White "Trajkoski, Slave"]
[Black "Naskov, Aleks"]
[Result "1-0"]
[WhiteElo "2288"]
[BlackElo "1381"]
[PlyCount "51"]
[EventDate "2022.10.14"]
[EventType "team-tourn"]
[EventRounds "7"]
[EventCountry "MKD"]
[SourceTitle "CBM 210 Extra"]
[Source "ChessBase"]
[SourceDate "2022.11.30"]
[SourceVersion "1"]
[SourceVersionDate "2022.11.30"]
[SourceQuality "1"]
[WhiteTeam "Prilep"]
[BlackTeam "Bitola Patako"]
[WhiteTeamCountry "MKD"]
[BlackTeamCountry "MKD"]

1. e4 c5 2. c3 Nf6 3. e5 Nd5 4. Nf3 Nc6 5. d4 cxd4 6. Bc4 Nb6 7. Bb3 dxc3 8. Nxc3 e6 9. 0-0 d5 10. exd6 Bxd6 11. Qe2 0-0 12. Rd1 Nd5 13. Nxd5 exd5 14. Bxd5 Qc7 15. h3 Nb4 16. Bb3 Bf5 17. Be3 Bf4 18. Bxf4 Qxf4 19. Rd4 Qh6 20. Rxb4 Rae8 21. Qd2 Qf6 22. Qd4 Qc6 23. Ne5 Qc7 24. f4 Rd8 25. Qxa7 Ra8 26. Qb6 1-0

[Event "FRM-ch op"]
[Site "Skopje"]
[Date "2022.04.30"]
[Round "3"]
[White "Dimov, Trajce"]
[Black "Naskov, Aleks"]
[Result "1/2-1/2"]
[WhiteElo "1691"]
[BlackElo "1371"]
[PlyCount "67"]
[EventDate "2022.04.29"]
[EventType "swiss"]
[EventRounds "9"]
[EventCountry "MKD"]
[SourceTitle "CBM 208 Extra"]
[Source "ChessBase"]
[SourceDate "2022.07.31"]
[SourceVersion "1"]
[SourceVersionDate "2022.07.31"]
[SourceQuality "1"]

1. e4 c5 2. Nf3 d6 3. d4 cxd4 4. Nxd4 Nf6 5. Bb5+ Bd7 6. Bxd7+ Qxd7 7. Nc3 g6 8. 0-0 Bg7 9. Bg5 h6 10. Be3 0-0 11. h3 Nc6 12. Qd2 Kh7 13. Rad1 Rac8 14. f4 Nxd4 15. Bxd4 Rc4 16. Qe2 Qc6 17. e5 dxe5 18. Bxe5 Ne4 19. Bxg7 Kxg7 20. Nxe4 Rxe4 21. Qf2 Rc8 22. c3 Qc4 23. Qxa7 Rxf4 24. Rxf4 Qxf4 25. Qxb7 Rb8 26. Qxe7 Rxb2 27. Rf1 Qc4 28. Qf6+ Kg8 29. Rd1 Rxg2+ 30. Kxg2 Qe2+ 31. Kg3 Qxd1 32. Qd4 Qe1+ 33. Kf3 Qf1+ 34. Kg3 1/2-1/2

[Event "Struga Lake Queen op"]
[Site "Struga"]
[Date "2019.09.09"]
[Round "7"]
[White "Naskov, Aleks"]
[Black "Tabakovski, Dino"]
[Result "0-1"]
[WhiteElo "1235"]
[BlackElo "1335"]
[PlyCount "88"]
[EventDate "2019.09.07"]
[EventType "swiss"]
[EventRounds "7"]
[EventCountry "MKD"]
[SourceTitle "EXT 2021"]
[Source "ChessBase"]
[SourceDate "2020.10.23"]
[SourceVersion "1"]
[SourceVersionDate "2020.10.23"]
[SourceQuality "1"]

1. e4 c5 2. Nf3 Nc6 3. d4 cxd4 4. Nxd4 g6 5. c4 Bg7 6. Be3 Nf6 7. f3 Qb6 8. Qd2 Ng4 9. fxg4 Nxd4 10. Na3 a6 11. Bd3 d6 12. 0-0 Qc7 13. Qf2 e5 14. Rac1 0-0 15. Nc2 Nxc2 16. Rxc2 Bxg4 17. Qh4 Be6 18. Rf3 Rad8 19. g4 Qd7 20. Rg2 f6 21. Qg3 Rc8 22. h4 Bxc4 23. Bb1 Be6 24. Qh3 Rc7 25. Rfg3 Rfc8 26. Bd3 Rf8 27. Qh2 Rcc8 28. Be2 Bxa2 29. g5 f5 30. h5 f4 31. hxg6 hxg6 32. Bg4 fxg3 33. Qxg3 Be6 34. Bxe6+ Qxe6 35. Qh4 Qb3 36. Rg3 Qd1+ 37. Kh2 Rc2+ 38. Kh3 Qh1+ 39. Kg4 Qxe4+ 40. Kh3 Rh2+ 41. Kxh2 Qxh4+ 42. Kg2 Qe4+ 43. Kh3 Rf3 44. Rxf3 Qxf3+ 0-1

[Event "FRM-ch U18"]
[Site "Struga"]
[Date "2019.04.29"]
[Round "5"]
[White "Eftovski, Mateo"]
[Black "Naskov, Aleks"]
[Result "1-0"]
[WhiteElo "1607"]
[BlackElo "1194"]
[PlyCount "119"]
[EventDate "2019.04.26"]
[EventType "tourn"]
[EventRounds "7"]
[EventCountry "MKD"]
[SourceTitle "CBM 190 Extra"]
[Source "ChessBase"]
[SourceDate "2019.07.15"]
[SourceVersion "1"]
[SourceVersionDate "2019.07.15"]
[SourceQuality "1"]

1. d4 Nf6 2. c4 g6 3. Nc3 d6 4. e4 Bg7 5. Nf3 Nbd7 6. Be2 c5 7. d5 0-0 8. 0-0 a6 9. Bg5 Rb8 10. a4 Nb6 11. Nd2 Bd7 12. f4 Na8 13. Qe1 Nc7 14. Qh4 Qc8 15. e5 dxe5 16. fxe5 Ng4 17. Bxg4 Bxg4 18. Bxe7 Bf5 19. Bxf8 Qxf8 20. Nf3 Bd3 21. Rf2 Re8 22. Ng5 h6 23. Nxf7 Qe7 24. Qxe7 Rxe7 25. d6 Rd7 26. e6 Nxe6 27. Nxh6+ Bxh6 28. Nd5 Bg7 29. Rf3 Bd4+ 30. Kh1 Bxc4 31. Nb6 Bxb2 32. Re1 Bd5 33. Nxd7 Bxf3 34. gxf3 c4 35. Rxe6 c3 36. Re2 Ba3 37. Nf6+ Kf7 38. d7 Be7 39. Nd5 Bd8 40. Nxc3 Ba5 41. Re8 Kf6 42. d8Q+ Bxd8 43. Rxd8 Kf5 44. Rb8 Kf4 45. Rxb7 Kxf3 46. Ra7 Ke3 47. Rxa6 Kd3 48. Rxg6 Kc4 49. a5 Kxc3 50. a6 Kd4 51. a7 Ke5 52. a8Q Kf5 53. Qg2 Ke5 54. Rg3 Kf4 55. Rf3+ Ke4 56. Qe2+ Kd4 57. Rd3+ Kc4 58. Qc2+ Kb4 59. Rb3+ Ka4 60. Qa2# 1-0

[Event "FRM-ch U18"]
[Site "Struga"]
[Date "2019.04.27"]
[Round "3"]
[White "Kosteski, Mile"]
[Black "Naskov, Aleks"]
[Result "1-0"]
[WhiteElo "1718"]
[BlackElo "1194"]
[PlyCount "45"]
[EventDate "2019.04.26"]
[EventType "tourn"]
[EventRounds "7"]
[EventCountry "MKD"]
[SourceTitle "CBM 190 Extra"]
[Source "ChessBase"]
[SourceDate "2019.07.15"]
[SourceVersion "1"]
[SourceVersionDate "2019.07.15"]
[SourceQuality "1"]

1. e4 c5 2. Nf3 d6 3. d4 cxd4 4. Nxd4 Nf6 5. Nc3 g6 6. Be3 Bg7 7. f3 0-0 8. Qd2 Bd7 9. g4 a6 10. h4 h5 11. gxh5 Nxh5 12. Be2 Nc6 13. 0-0-0 Rc8 14. Rdg1 Qa5 15. Rg5 b5 16. Rhg1 Nxd4 17. Bxd4 Rxc3 18. Qxc3 Qxa2 19. Bxg7 Nf4 20. Bf1 Qa1+ 21. Kd2 Rc8 22. Qe3 Qb1 23. Bd3 1-0